| 000 | 00599cam a2200241 4500 | ||
|---|---|---|---|
| 008 | 090401t1997 xxu||||| |||| 00| 0 eng d | ||
| 020 | _a0632048719 | ||
| 035 | _a(Sirsi) u82493 | ||
| 041 | _aeng | ||
| 050 | _a631.1 | ||
| 100 | _aWarren, Martyn F. | ||
| 245 | _aFinancial management for farmers and rural managers. | ||
| 250 | _a4th ed. | ||
| 260 |
_aOxford _bBlackwell Science _c1997 |
||
| 350 | _a19.99 | ||
| 650 | _aBUDGETING | ||
| 650 | _aFARMING | ||
| 650 | _aFINANCIAL MANAGEMENT | ||
| 650 | _aRURAL MANAGERS | ||
| 690 | _aRURAL PRACTICE | ||
| 942 | _n0 | ||
| 948 | _c04/12/1997 | ||
| 999 |
_c96789 _d96789 |
||